Electronic Commerce (Record no. 188)

MARC details
000 -LEADER
fixed length control field 00398nam a2200157Ia 4500
008 - FIXED-LENGTH DATA ELEMENTS--GENERAL INFORMATION
fixed length control field 230312s9999||||xx |||||||||||||| ||und||
020 ## - INTERNATIONAL STANDARD BOOK NUMBER
International Standard Book Number 81-7008-549-7
082 ## - DEWEY DECIMAL CLASSIFICATION NUMBER
Classification number 658.80205
Item number LOS-E
100 ## - MAIN ENTRY--PERSONAL NAME
Personal name Loshin,Pete
245 #0 - TITLE STATEMENT
Title Electronic Commerce
260 ## - PUBLICATION, DISTRIBUTION, ETC.
Name of publisher, distributor, etc. Firewall Media
Place of publication, distribution, etc. India
Date of publication, distribution, etc. 2005
300 ## - PHYSICAL DESCRIPTION
Extent 472
546 ## - LANGUAGE NOTE
Language note Eng.
650 ## - SUBJECT ADDED ENTRY--TOPICAL TERM
Topical term or geographic name entry element Engineering
Form subdivision Overview of E-Commerce Technology
942 ## - ADDED ENTRY ELEMENTS (KOHA)
Koha item type BOOK
Holdings
Withdrawn status Lost status Source of classification or shelving scheme Damaged status Not for loan Home library Current library Date acquired Total Checkouts Full call number Barcode Date last seen Price effective from Koha item type
    Dewey Decimal Classification     Superior Information Resource Center (SIRC) Superior University- Main Campus Superior Information Resource Center (SIRC) Superior University- Main Campus 03/13/2023   658.80205 LOS-E 189 03/13/2023 03/13/2023 BOOK

Powered by Koha